Iuridica 4-5/1991
Enregistré dans:
| Format: | Livre |
|---|---|
| Langue: | tchèque |
| Publié: |
Praha
Univerzita Karlova
1992
|
| Édition: | 1. vyd. |
| Collection: | Acta Universitatis Carolinae
|
| Sujets: | |
| Tags: |
Pas de tags, Soyez le premier à ajouter un tag!
|
MARC
| LEADER | 00000nam a2200000 4500 | ||
|---|---|---|---|
| 001 | c010095 | ||
| 005 | 20250207104722.6 | ||
| 041 | 0 | |a cze | |
| 044 | |a CZ | ||
| 245 | 1 | 0 | |a Iuridica 4-5/1991 |c red. Miroslav Potočný |
| 250 | |a 1. vyd. | ||
| 264 | 1 | |a Praha |b Univerzita Karlova |c 1992 | |
| 300 | |a 117 s. | ||
| 490 | 1 | |a Acta Universitatis Carolinae | |
| 830 | 0 | |a Acta Universitatis Carolinae | |
| 610 | 2 | 0 | |a právo |
| 610 | 2 | 0 | |a právo medzinárodné |
| 610 | 2 | 0 | |a politika mierová |
| 610 | 2 | 0 | |a politika medzinárodná |
| 610 | 2 | 0 | |a práva ľudské |
| 610 | 2 | 0 | |a Európa |
| 610 | 2 | 0 | |a zmluvy medzinárodné |